000 00661nam a2200229 a 4500
001 BRL_177
005 20190320210624.0
008 071212s1968----mx-#######---#000-0#eng-u
041 _aeng
044 _amx
050 4 _aTX716.M4
_b.R43 1968
245 1 0 _aRecetas potpourri
_ccompiled by the Embassy Wives Group of the Embassy of the United States of America.
250 _a3
260 _aMéxico
_c1968
300 _axx, 315 p.
_c24 cm.
500 _aAu2293
650 1 4 _aCocina mexicana
_923130
650 1 4 _aRecetarios
_923131
710 2 _aEmbassy Wives Group of the Embassy of the United States of America
_923132
902 _aGRL
942 _2lcc
_cB
999 _c8990
_d8990